<?xml version="1.0" encoding="UTF-8"?>
<collection xmlns="http://www.loc.gov/MARC21/slim">
<record>
  <controlfield tag="001">7220</controlfield>
  <controlfield tag="005">20250106073144.0</controlfield>
  <datafield tag="037" ind1=" " ind2=" ">
    <subfield code="a">OUTRART-2025-0003</subfield>
  </datafield>
  <datafield tag="100" ind1=" " ind2=" ">
    <subfield code="a">Van Noten, Koen</subfield>
  </datafield>
  <datafield tag="245" ind1=" " ind2=" ">
    <subfield code="a">Megatsunami van 200 meter hoog blijkt oorzaak van dagenlange wereldwijde aardtrillingen, ontdekken Belgische onderzoekers</subfield>
  </datafield>
  <datafield tag="260" ind1=" " ind2=" ">
    <subfield code="c">2024</subfield>
  </datafield>
  <datafield tag="594" ind1=" " ind2=" ">
    <subfield code="a">NO</subfield>
  </datafield>
  <datafield tag="653" ind1="1" ind2=" ">
    <subfield code="a">Rockslide</subfield>
  </datafield>
  <datafield tag="653" ind1="1" ind2=" ">
    <subfield code="a">Tsunami</subfield>
  </datafield>
  <datafield tag="653" ind1="1" ind2=" ">
    <subfield code="a">Greenland</subfield>
  </datafield>
  <datafield tag="700" ind1=" " ind2=" ">
    <subfield code="a">Boone, Wieter</subfield>
  </datafield>
  <datafield tag="773" ind1=" " ind2=" ">
    <subfield code="p">VRT NWS</subfield>
    <subfield code="v">2024-09-12 (Wim De Maeseneer)</subfield>
    <subfield code="y">2024</subfield>
  </datafield>
  <datafield tag="856" ind1="0" ind2=" ">
    <subfield code="f">koen.vannoten@ksb-orb.be</subfield>
  </datafield>
  <datafield tag="856" ind1="4" ind2="2">
    <subfield code="a">https://www.vrt.be/vrtnws/nl/2024/09/11/belgische-onderzoekers-vinden-oorzaak-van-aardtrilling-die-9-dag/</subfield>
  </datafield>
  <datafield tag="856" ind1="4" ind2=" ">
    <subfield code="s">3333491</subfield>
    <subfield code="u">http://publi2-as.oma.be/record/7220/files/Megatsunami van 200 meter hoog blijkt oorzaak van dagenlange wereldwijde aardtrillingen, ontdekken Belgische onderzoekers _ VRT NWS_ nieuws.pdf</subfield>
  </datafield>
  <datafield tag="856" ind1="4" ind2=" ">
    <subfield code="s">17957</subfield>
    <subfield code="u">http://publi2-as.oma.be/record/7220/files/Megatsunami van 200 meter hoog blijkt oorzaak van dagenlange wereldwijde aardtrillingen, ontdekken Belgische onderzoekers _ VRT NWS_ nieuws.jpg?subformat=icon-180</subfield>
    <subfield code="x">icon-180</subfield>
  </datafield>
  <datafield tag="856" ind1="4" ind2=" ">
    <subfield code="s">21961</subfield>
    <subfield code="u">http://publi2-as.oma.be/record/7220/files/Megatsunami van 200 meter hoog blijkt oorzaak van dagenlange wereldwijde aardtrillingen, ontdekken Belgische onderzoekers _ VRT NWS_ nieuws.gif?subformat=icon</subfield>
    <subfield code="x">icon</subfield>
  </datafield>
  <datafield tag="980" ind1=" " ind2=" ">
    <subfield code="a">OUTRART</subfield>
  </datafield>
</record>
</collection>